000 01187nam a22003497a 4500
001 0006851
003 KOHA_MİRAKIL
005 20260207001536.0
007 ta
008 111226b1999 tu |||gr||||#0|||0|eng |
020 _a9751611229
_c0,01
040 _aTR-BiSEU
_btur
_cTR-BiSEU
_erda
041 0 _aeng
044 _ctu
050 _aDR592.K4
_bN69 1999
111 2 _aCeremony Speeches and Atatürk and Turkish Identity (1994)
_916905
245 1 _aNovember 10, 1994 State ceremony speeches and Atatürk and Turkish identity panel/
_cçeviren Serap Kızılırmak.
264 1 _aAnkara :
_bAtatürk Kültür, Dil ve Tarih Yüksek Kurumu Türk Tarih Kurumu Atatürk Araştırmaları Merkezi
_c1999
300 _a57 sayfa; 21 cm.
336 _ametin
_btxt
_2rdacontent
337 _aaracısız
_bn
_2rdamedia
338 _acilt
_bnc
_2rdacarrier
650 0 _aAtatürk, Mustafa Kemal.
_914965
650 0 _aNationalism--Turkey.
_99682
650 0 _aKemalism.
_97013
650 0 _aTurkey--Civilization.
_910980
650 0 _aMilliyetçilik--Turkey.
_916906
650 0 _aAtatürkçülük.
_96730
650 0 _aTürkiye--Medeniyet.
_910981
907 _aTarih
942 _2lcc
_cBK
999 _c6832
_d6832